Sports Quiz

Random Sports Quiz

All-Time Pirates home run leaders Quiz Stats

 Plays Quiz not verified by Sporcle

Challenge
Share
Tweet
Embed
Score 0/30 Timer 08:00
0 Plays Today
Number Answer % Correct
475Willie Stargell
98.4%
240Roberto Clemente
91.6%
176Barry Bonds
89.1%
166Dave Parker
78.4%
103Andrew McCutchen
78.3%
301Ralph Kiner
77.4%
114Bobby Bonilla
77.1%
117Andy VanSlyke
76.6%
82Honus Wagner
73.6%
165Brian Giles
72.2%
86Pedro Alvarez
68.8%
138Bill Mazeroski
66.9%
139Jason Bay
66.2%
109Paul Waner
57.3%
100Garrett Jones
51.5%
Number Answer % Correct
135Al Oliver
46.1%
136Kevin Young
44.9%
99Jeff King
43.6%
94Craig Wilson
42.1%
107Al Martin
38%
128Richie Hebner
37.8%
106Bob Robertson
35.8%
109Bill Robinson
33%
93Jason Thompson
28.7%
163Frank Thomas
25.9%
117Dick Stuart
21.2%
84Arky Vaughan
19.4%
106Donn Clendenon
18.4%
90Bob Skinner
14.4%
97Wally Westlake
6%

You're not logged in!

Compare scores with friends on all Sporcle quizzes.
Join for Free
OR
Log In

You Might Also Like...

Show Comments

Extras

Created Nov 19, 2013ReportNominate
Tags:home, leader, pirate, run

Top Quizzes Today


Score Distribution

Your Account Isn't Verified!

In order to create a playlist on Sporcle, you need to verify the email address you used during registration. Go to your Sporcle Settings to finish the process.

Report this User

Report this user for behavior that violates our Community Guidelines.

Details: